00843nam a2200229 i 4500003000900000005001700009007000300026008004100029040003000070082001800100245004200118264008000160300002800240336002700268337003300295338002800328590002700356910001400383942001300397952018600410999001700596DO-SdBNP20230815113055.0ta230809n195- dr ||||| |||| 00| 0 spa d aDO-SdBNPbspacBNPHUerda 4222bO69axxxx00aOrígenes del feminismo dominicano / 1a[Ciudad Trujillo, Republica Dominicana]:b[editor no identificado]c[195-]. a[4] páginas ;c22 cm. 2rdacontentatextobtxt 2rdamediaasin mediaciónbn 2rdacarrieravolumenbnc aInventariado 2023 / YL aYLockward 2ddccLF2 00102ddc51708DS-FRVaBNPHUbBNPHUcCTd2014-12-01eBarbara Suncarl0oO69 xxxxp2023-5360r2023-08-15w2023-08-15yLF2zPerteneció a la biblioteca personal de Bárbara Suncar c54420d54420